000
00292nam a22001337a 4500
003
SGT
082
_a
615.53
_b
C15T
100
_a
TRIPATHI,BRAHMANAND
245
_a
CHARAK SAMHITA
260
_a
VARANASI
_b
CHAUKHAMBHA PUB
_c
2015
300
_a
1480
650
_a
CHARAK SAMHITA
942
_2
ddc
_c
BK
_0
3
999
_c
8732
_d
8732